| 000 | 00705nam a22002297a 4500 | ||
|---|---|---|---|
| 999 |
_c18090 _d18090 |
||
| 003 | AR-CdUCM | ||
| 008 | 190511b ||||| |||| 00| 0 spa d | ||
| 040 |
_aMUNICIPALIDAD PROVINCIAL DEL CUSCO _cBIBLIOTECA MUNICIPAL DEL CUSCO |
||
| 041 | _hfin | ||
| 082 |
_a894.541 / _bW21 |
||
| 100 |
_aWaltari, Mika _91196 |
||
| 245 |
_aSinuhé : _bEl Egipcio / |
||
| 260 |
_aBuenos Aires : _bAmericana, _c1976. |
||
| 300 |
_a363 páginas ; _bmapa, _c24 cm. |
||
| 505 | _aContenido: Novela. | ||
| 650 |
_aNovelas finlandesas _91809 |
||
| 650 |
_aSiglo XX _98 |
||
| 650 |
_aLiteratura Finlandesa _938468 |
||
| 700 |
_aBosch Barrett, Manuel (traducción) _938469 |
||
| 942 |
_2ddc _cLIBROS |
||
| 945 |
_aachl _d2019-05-11 |
||